| 000 | 01542nam a2200385Ia 4500 | ||
|---|---|---|---|
| 001 | ebr10167409 | ||
| 003 | CaPaEBR | ||
| 006 | m u | ||
| 007 | cr cn||||||||| | ||
| 008 | 070511s2007 ne a sb 100 0 eng d | ||
| 020 | _z1586037099 (pbk.) | ||
| 020 | _z9781586037093 (pbk.) | ||
| 020 | _z9781586037093 | ||
| 040 |
_aCaPaEBR _cCaPaEBR |
||
| 035 | _a(OCoLC)320322960 | ||
| 050 | 1 | 4 |
_aTH1560 _b.G53 2007eb |
| 245 | 0 | 0 |
_aGlass & interactive building envelopes _h[electronic resource] / _cedited by Michel Crisinel, ... [et al.]. |
| 246 | 1 |
_iAt head of title: _aEU COST C13, final report |
|
| 246 | 3 | 0 | _aGlass and interactive building envelopes |
| 260 |
_aAmsterdam : _bIOS Press, _c2007. |
||
| 300 |
_a308 p. : _bill. |
||
| 490 | 1 |
_aResearch in architectural engineering series ; _vv. 1 |
|
| 500 | _aInternational conference proceedings. | ||
| 504 | _aIncludes bibliographical references. | ||
| 533 |
_aElectronic reproduction. _bPalo Alto, Calif. : _cebrary, _d2009. _nAvailable via World Wide Web. _nAccess may be limited to ebrary affiliated libraries. |
||
| 650 | 0 |
_aBuilding materials _xResearch. |
|
| 650 | 0 |
_aBuilding _xResearch. |
|
| 650 | 0 |
_aGlass construction _xResearch. |
|
| 655 | 7 |
_aElectronic books. _2local |
|
| 700 | 1 | _aCrisinel, Michel. | |
| 710 | 2 | _aEU COST C13. | |
| 710 | 2 | _aebrary, Inc. | |
| 830 | 0 |
_aResearch in architectural engineering series ; _vv. 1. |
|
| 856 | 4 | 0 |
_uhttp://site.ebrary.com/lib/rucke/Doc?id=10167409 _zAn electronic book accessible through the World Wide Web; click to view |
| 999 |
_c136488 _d136488 |
||